| 000 | 01032 am a2200313ua 4500 | ||
|---|---|---|---|
| 001 | 1985 | ||
| 003 | FISKH | ||
| 005 | 20250612101543.0 | ||
| 008 | 850821s1984 enka j| |||| 1|eng | ||
| 020 | _a0590468944 | ||
| 020 | _a9780590468947 | ||
| 040 |
_aUk _cUk _beng |
||
| 082 | 0 | 4 |
_a823/.9/1 _218 |
| 082 | 0 | 4 |
_a823/.914 _219 |
| 100 | 1 |
_aWood, Don, _d1945- |
|
| 245 | 1 | 4 |
_aThe little mouse, the red ripe strawberry, and the big hungry bear / _cby Don and Audrey Wood ; illustrated by Don Wood. |
| 260 |
_aNew York : _bScholastic, _c1984. |
||
| 300 |
_a32 pages : _bcolor illustrations ; _c25 cm |
||
| 336 |
_atext _2rdacontent |
||
| 337 |
_aunmediated _2rdamedia |
||
| 338 |
_avolume _2rdacarrier |
||
| 505 | _aK | ||
| 520 | _aLittle Mouse worries that the big, hungry bear will take his freshly picked, ripe, red strawberry for himself. | ||
| 521 | 8 |
_a510
_bLexile |
|
| 521 | 8 |
_aK
_bRaz-Plus |
|
| 653 |
_aChildren's stories in English _a1945- _aTexts |
||
| 700 | 1 |
_aWood, Don _eillustrator |
|
| 942 |
_2ddc _cBK _n0 |
||
| 999 |
_c1985 _d1985 |
||